[Event "Cappelle Online Blitz op"]
[Site "Europe Echecs INT"]
[Date "2022.01.09"]
[Round "5"]
[White "Levesque, Thomas"]
[Black "Shoker, Samy"]
[Result "1/2-1/2"]
[WhiteElo "1846"]
[BlackElo "2491"]
[PlyCount "176"]
[EventDate "2022.01.09"]
[EventType "swiss (blitz)"]
[EventRounds "11"]
[EventCountry "FRA"]
[SourceTitle "EXT 2023"]
[Source "ChessBase"]
[SourceDate "2022.10.05"]
[SourceVersion "1"]
[SourceVersionDate "2022.10.05"]
[SourceQuality "1"]

1. f4 Nf6 2. Nf3 d6 3. e3 g6 4. d4 Bg7 5. Bd3 0-0 6. 0-0 Nc6 7. c4 e5 8. d5 Nb4 9. fxe5 dxe5 10. e4 c6 11. Kh1 Nxd3 12. Qxd3 Nh5 13. Nc3 h6 14. Be3 Kh7 15. Rad1 Bg4 16. Kg1 Nf4 17. Bxf4 exf4 18. h3 Qb6+ 19. Kh1 Bxf3 20. Rxf3 Qxb2 21. d6 Rad8 22. c5 Qa3 23. Qc4 b5 24. cxb6 axb6 25. Nb1 Qa8 26. Rxf4 b5 27. Qf1 Rd7 28. Qe2 Be5 29. Rf3 Qd8 30. Rfd3 Qf6 31. Qf3 Qe6 32. Nc3 Bxc3 33. Rxc3 Rxd6 34. Rf1 Kg7 35. Re3 Qe5 36. Rc1 Rfd8 37. Rf1 Rf6 38. Qe2 Rxf1+ 39. Qxf1 Rd6 40. Qf3 Rf6 41. Qe2 h5 42. Rf3 Re6 43. Re3 h4 44. Kg1 Qd4 45. Kh2 Qe5+ 46. Kg1 Rd6 47. Rf3 Rd7 48. Kf2 Re7 49. Re3 Qf4+ 50. Qf3 Qxf3+ 51. gxf3 Ra7 52. Re2 Ra3 53. Rc2 Kh6 54. Rxc6 Rxa2+ 55. Ke3 Rh2 56. Rc7 f6 57. Rc6 Rxh3 58. Rxf6 Rg3 59. Kf4 Rg1 60. Rf8 Kg7 61. Rb8 h3 62. Rb7+ Kh6 63. Rb8 Kg7 64. Rb7+ Kg8 65. Rb8+ Kf7 66. Rb7+ Ke6 67. Rb6+ Kd7 68. Rb7+ Kc6 69. Rh7 Rh1 70. Rh6 b4 71. Rxg6+ Kc5 72. Rg5+ Kc4 73. Rg7 h2 74. Rc7+ Kb5 75. Kg3 Rf1 76. Kxh2 Rxf3 77. Rb7+ Kc4 78. Rc7+ Kd4 79. Rb7 b3 80. Kg2 Rc3 81. Rb4+ Ke5 82. Kf2 Rc2+ 83. Ke3 b2 84. Kd3 Rh2 85. Kc3 Rh3+ 86. Kxb2 Re3 87. Kc2 Rxe4 88. Rxe4+ Kxe4 1/2-1/2

[Event "Le Port Marly Leonard op"]
[Site "Le Port Marly"]
[Date "2014.09.13"]
[Round "?"]
[White "Dourerassou, Jonathan"]
[Black "Levesque, Thomas"]
[Result "1-0"]
[WhiteElo "2487"]
[BlackElo "1969"]
[PlyCount "171"]
[EventDate "2014.09.13"]
[EventType "swiss"]
[EventRounds "9"]
[EventCountry "FRA"]
[SourceTitle "CBM 162 Extra"]
[Source "ChessBase"]
[SourceDate "2014.10.17"]
[SourceVersion "1"]
[SourceVersionDate "2014.10.17"]
[SourceQuality "1"]

1. e4 e6 2. d4 d5 3. Nc3 Nf6 4. e5 Nfd7 5. f4 c5 6. Nf3 Nc6 7. Be3 a6 8. Bd3 b5 9. Qd2 Qb6 10. Qf2 c4 11. Be2 g6 12. Bd1 Be7 13. 0-0 Bb7 14. a3 a5 15. Ne2 h6 16. Ng3 0-0-0 17. b3 c3 18. Be2 Ba6 19. Rfb1 b4 20. Bxa6+ Qxa6 21. axb4 Bxb4 22. Ne1 Kb7 23. Nd3 Ra8 24. Ne2 Qb5 25. Qf3 h5 26. Bf2 Rhc8 27. Ndc1 Ne7 28. Na2 Qc6 29. Rd1 Ba3 30. Be1 Bb2 31. Rab1 a4 32. bxa4 Nb6 33. Naxc3 Bxc3 34. Nxc3 Kc7 35. Nb5+ Kd7 36. Nd6 Rcb8 37. a5 Nc4 38. Nxf7 Nf5 39. Rb3 Rxb3 40. Qxb3 Nce3 41. Rd3 Nxc2 42. Bc3 Nce3 43. h3 h4 44. Bd2 Nc4 45. Be1 Qc7 46. Kh2 Rb8 47. Qa4+ Qc6 48. Qd1 Qb5 49. Qg4 Ne7 50. Bxh4 Qb1 51. Rd1 Qc2 52. Qg5 Re8 53. Rg1 Qf5 54. a6 Qxg5 55. Nxg5 Ra8 56. Ra1 Kc6 57. Nxe6 Nf5 58. Bf2 Nd2 59. Rc1+ Kb6 60. Nc7 Ra7 61. Nxd5+ Kxa6 62. Rc6+ Kb5 63. Rxg6 Ne4 64. Be1 Ra1 65. Nc3+ Nxc3 66. Bxc3 Rc1 67. Bb2 Rc2 68. Rg8 Ka4 69. Ra8+ Kb5 70. Rb8+ Ka4 71. d5 Ne3 72. Kg3 Nc4 73. Bd4 Rd2 74. Ba7 Rxd5 75. Kf3 Nd2+ 76. Ke3 Rd7 77. Bc5 Nf1+ 78. Ke4 Ng3+ 79. Kf3 Nf1 80. Bd6 Nd2+ 81. Kg4 Rg7+ 82. Kf5 Rxg2 83. e6 Nf3 84. e7 Nh4+ 85. Ke6 Re2+ 86. Be5 1-0

[Event "Le Port Marly Leonard op"]
[Site "Le Port Marly"]
[Date "2014.09.13"]
[Round "?"]
[White "Guliyev, Namig"]
[Black "Levesque, Thomas"]
[Result "0-1"]
[WhiteElo "2564"]
[BlackElo "1969"]
[PlyCount "160"]
[EventDate "2014.09.13"]
[EventType "swiss"]
[EventRounds "9"]
[EventCountry "FRA"]
[SourceTitle "CBM 162 Extra"]
[Source "ChessBase"]
[SourceDate "2014.10.17"]
[SourceVersion "1"]
[SourceVersionDate "2014.10.17"]
[SourceQuality "1"]

1. e4 e6 2. d4 d5 3. Nc3 Nf6 4. e5 Nfd7 5. f4 c5 6. Nf3 Nc6 7. Be3 a6 8. Qd2 b5 9. dxc5 Bxc5 10. Bd3 Qb6 11. Bxc5 Qxc5 12. Ne2 Nb6 13. Ned4 g6 14. Nxc6 Qxc6 15. 0-0-0 Nc4 16. Bxc4 bxc4 17. Nd4 Qa4 18. Kb1 Rb8 19. h4 h5 20. Rh3 Bd7 21. b3 Qb4 22. Qxb4 Rxb4 23. Kb2 Ke7 24. Kc3 a5 25. a3 Rb6 26. b4 axb4+ 27. axb4 Ra8 28. Rb1 Kd8 29. Re3 Kc7 30. Nf3 Rba6 31. Kd2 Ra2 32. Nd4 Kb6 33. Rc3 Ra1 34. Rxa1 Rxa1 35. Rf3 Rg1 36. Rf2 Rb1 37. Kc3 Bc8 38. Nf3 Bd7 39. Nd2 Re1 40. Kd4 Ba4 41. Nf3 Rd1+ 42. Kc3 Bb5 43. Rd2 Rf1 44. Kd4 Be8 45. Re2 Bb5 46. c3 Rd1+ 47. Nd2 Rh1 48. Nf3 Rd1+ 49. Rd2 Rf1 50. Rc2 Rd1+ 51. Nd2 Rg1 52. Nf3 Rd1+ 53. Rd2 Rh1 54. Ra2 Rd1+ 55. Nd2 Rg1 56. Ke3 Rc1 57. Ra3 Rg1 58. Kf2 Rd1 59. Nf3 Rb1 60. Nd4 Rc1 61. Ke3 Rg1 62. Ra5 Ba6 63. Ra2 Re1+ 64. Re2 Rd1 65. Rd2 Re1+ 66. Kf2 Rc1 67. Rc2 Rd1 68. b5 Bb7 69. Ke2 Rg1 70. Kf3 Rd1 71. g3 Rf1+ 72. Kg2 Ra1 73. Kf2 Bc8 74. Rb2 Bd7 75. Nf3 Rc1 76. Ng5 Be8 77. Ra2 Rxc3 78. Ra8 Bxb5 79. Nxe6 fxe6 80. Rb8+ Kc5 0-1

[Event "Brighton e2e4 Masters"]
[Site "Brighton"]
[Date "2013.02.20"]
[Round "8"]
[White "Lenier, Jude"]
[Black "Levesque, Thomas"]
[Result "1-0"]
[WhiteElo "2112"]
[BlackElo "2093"]
[PlyCount "97"]
[EventDate "2013.02.16"]
[EventType "swiss"]
[EventRounds "9"]
[EventCountry "ENG"]
[SourceTitle "CBM 153 Extra"]
[Source "ChessBase"]
[SourceDate "2013.04.22"]
[SourceVersion "1"]
[SourceVersionDate "2013.04.22"]
[SourceQuality "1"]

1. e4 e6 2. Nf3 c5 3. e5 d5 4. b4 cxb4 5. d4 Nc6 6. a3 bxa3 7. c3 Bd7 8. Bd3 h6 9. 0-0 a6 10. Nxa3 b5 11. Nc2 Na5 12. Ne3 Bc6 13. Ne1 Nc4 14. f4 g6 15. g4 Ne7 16. N1g2 Qd7 17. Qf3 a5 18. f5 g5 19. fxe6 Qxe6 20. Bf5 Nxf5 21. gxf5 Qd7 22. e6 Qb7 23. exf7+ Kd8 24. Nxc4 dxc4 25. d5 Bd7 26. Be3 Bd6 27. Rad1 Kc7 28. Qh5 b4 29. Rd4 Bb5 30. Bf2 Rad8 31. Qg6 b3 32. Ne3 Qa6 33. Bg3 a4 34. Bxd6+ Qxd6 35. Nxc4 Qc5 36. d6+ Kb8 37. Qe6 Bc6 38. Qe5 Qa7 39. d7+ Ka8 40. Qd6 Bb5 41. Qd5+ Qb7 42. Nb6+ Ka7 43. Qxb5 Qxb6 44. Qxa4+ Kb7 45. Rb1 b2 46. Qc2 Kc7 47. Rxb2 Qa7 48. Qe2 Qc5 49. Rb5 1-0

[Event "Brighton e2e4 Masters"]
[Site "Brighton"]
[Date "2013.02.17"]
[Round "2"]
[White "Levesque, Thomas"]
[Black "Ziska, Helgi Dam"]
[Result "1/2-1/2"]
[WhiteElo "2093"]
[BlackElo "2474"]
[PlyCount "136"]
[EventDate "2013.02.16"]
[EventType "swiss"]
[EventRounds "9"]
[EventCountry "ENG"]
[SourceTitle "CBM 153 Extra"]
[Source "ChessBase"]
[SourceDate "2013.04.22"]
[SourceVersion "1"]
[SourceVersionDate "2013.04.22"]
[SourceQuality "1"]

1. d4 Nf6 2. c4 e6 3. Nc3 Bb4 4. Qc2 Nc6 5. Nf3 d6 6. Bg5 h6 7. Bd2 e5 8. d5 Bxc3 9. Bxc3 Ne7 10. e4 0-0 11. 0-0-0 Nh5 12. c5 Bg4 13. Bc4 Bxf3 14. gxf3 Ng6 15. Bb4 Nh4 16. Qb3 f5 17. Bd3 Nxf3 18. exf5 Nd4 19. Qa3 Rf6 20. Bd2 Nxf5 21. Rhg1 Qd7 22. Qb3 b6 23. cxd6 Nd4 24. Qa3 cxd6 25. Be3 Nf3 26. Rh1 Nf4 27. Be4 Ng5 28. Bc2 Rc8 29. Kb1 Nfh3 30. Rhf1 Rcf8 31. Qd3 Rf3 32. Qc4 Nxf2 33. Bxf2 Rxf2 34. Rxf2 Rxf2 35. h4 Nh7 36. h5 Nf6 37. Bg6 Nxh5 38. Qh4 Nf4 39. Qxf2 Nxg6 40. Qc2 Nf4 41. Qc6 Qg4 42. Rc1 Qg6+ 43. Ka1 Ne2 44. Qa8+ Kh7 45. Rd1 Nd4 46. a3 Qc2 47. Rg1 Nb3+ 48. Ka2 Nc1+ 49. Ka1 Qc4 50. Kb1 Qa2+ 51. Kc2 Ne2 52. Rd1 Nd4+ 53. Rxd4 exd4 54. Qc6 h5 55. Qb5 Kh6 56. Qc6 g6 57. Qxd6 Qc4+ 58. Kd2 d3 59. Qf8+ Kg5 60. Qe7+ Kf5 61. Qe6+ Kf4 62. Qe3+ Kg4 63. Qe6+ Kg5 64. Qe7+ Kg4 65. Qe6+ Kh4 66. Qe1+ Kg4 67. Qe6+ Kh4 68. Qe1+ Kg4 1/2-1/2

[Event "Gatwick e2e4 Challengers-C"]
[Site "Crawley"]
[Date "2012.08.22"]
[Round "9"]
[White "Freeland, Alex"]
[Black "Levesque, Thomas"]
[Result "1/2-1/2"]
[WhiteElo "1792"]
[BlackElo "2030"]
[PlyCount "167"]
[EventDate "2012.08.18"]
[EventType "tourn"]
[EventRounds "9"]
[EventCountry "ENG"]
[SourceTitle "EXT 2014"]
[Source "ChessBase"]
[SourceDate "2013.11.20"]
[SourceVersion "1"]
[SourceVersionDate "2013.11.20"]
[SourceQuality "1"]

1. e4 e6 2. d4 d5 3. Nc3 Nf6 4. Bg5 Be7 5. e5 Nfd7 6. Bxe7 Qxe7 7. f4 g6 8. Nf3 a6 9. Qd2 c5 10. dxc5 Nc6 11. Nd4 Qxc5 12. Nce2 Nb6 13. Nb3 Qe7 14. Ned4 Bd7 15. c3 Nc4 16. Qf2 Nxd4 17. Bxc4 Nxb3 18. Bxb3 g5 19. fxg5 Qxg5 20. 0-0 0-0-0 21. Qf4 Rhg8 22. Qxg5 Rxg5 23. Rae1 Rdg8 24. Rf2 R8g7 25. a3 Bc6 26. Ree2 Kd8 27. Rf4 Ke7 28. g3 Rg4 29. Rd4 Bb5 30. Re1 h5 31. Bd1 Rxd4 32. cxd4 h4 33. Kg2 Bd3 34. Re3 Bf5 35. Kf2 hxg3+ 36. Rxg3 Rh7 37. Kg2 Rh4 38. Rb3 b5 39. Rb4 Bd3 40. Kg3 Re4 41. Bf3 Re1 42. Rb3 Bc4 43. Rc3 a5 44. h4 Kf8 45. Rc2 Kg7 46. Rg2 Kh6 47. Kf2 Rb1 48. Ke3 b4 49. axb4 axb4 50. h5 b3 51. Rd2 Re1+ 52. Kf2 Ra1 53. Ke3 Rg1 54. Rf2 Re1+ 55. Kd2 Rg1 56. Bd1 Rg7 57. Kc3 Rg1 58. Rf6+ Kh7 59. Bf3 Rg3 60. Kb4 Kg8 61. Rf4 Rh3 62. Rf6 Bd3 63. Rf4 Kg7 64. Bd1 Bc4 65. Rf3 Rh2 66. Kc3 Rh4 67. h6+ Rxh6 68. Bxb3 Be2 69. Rg3+ Kf8 70. Ba4 Rh1 71. b3 Ba6 72. Kb4 Be2 73. Bb5 Bd1 74. Kc5 Rh2 75. Ba4 Rd2 76. Bb5 Rc2+ 77. Kb4 Rd2 78. Rd3 Rxd3 79. Bxd3 Ke7 80. Kc3 Kd7 81. b4 Kc7 82. b5 Kb6 83. Kb4 Bf3 84. Bf1 1/2-1/2

[Event "Gatwick e2e4 Challengers-C"]
[Site "Crawley"]
[Date "2012.08.22"]
[Round "8"]
[White "Levesque, Thomas"]
[Black "Tarhon, Brian"]
[Result "1-0"]
[WhiteElo "2030"]
[BlackElo "1787"]
[PlyCount "133"]
[EventDate "2012.08.18"]
[EventType "tourn"]
[EventRounds "9"]
[EventCountry "ENG"]
[SourceTitle "EXT 2014"]
[Source "ChessBase"]
[SourceDate "2013.11.20"]
[SourceVersion "1"]
[SourceVersionDate "2013.11.20"]
[SourceQuality "1"]

1. d4 Nf6 2. c4 g6 3. Nc3 Bg7 4. e4 d6 5. f4 0-0 6. Nf3 c5 7. d5 e6 8. dxe6 fxe6 9. Bd3 Nc6 10. 0-0 Nd4 11. Ne2 Nd7 12. Rb1 a5 13. Be3 e5 14. f5 gxf5 15. exf5 Nxf5 16. Bxf5 Rxf5 17. Qxd6 Qf8 18. Qd5+ Qf7 19. Ng3 Qxd5 20. cxd5 Rf7 21. Ne4 b6 22. Neg5 Re7 23. Ne6 Nf6 24. Bg5 Bxe6 25. dxe6 Rxe6 26. Rbd1 h6 27. Bh4 e4 28. Rfe1 Ree8 29. Nd2 Rad8 30. Nc4 Rxd1 31. Rxd1 Re6 32. b3 Kf7 33. h3 Ke8 34. a4 Kf7 35. Bg3 Nh5 36. Bf2 Nf4 37. Rd7+ Kg6 38. Be3 Bd4 39. Kh2 Bxe3 40. Nxe3 Nd3 41. g4 Nc1 42. Nd5 Nd3 43. Ne3 Kf6 44. Kg3 Nc1 45. h4 Nxb3 46. Kf4 Re5 47. Rb7 Nd4 48. Rxb6+ Ne6+ 49. Kg3 Ke7 50. Rb5 Nc7 51. Rxa5 Kd7 52. Nc4 Re8 53. Ne3 Kc6 54. Kf2 Rf8+ 55. Ke2 Rb8 56. Kd2 Rb2+ 57. Ke1 Rb4 58. Ra7 Rb1+ 59. Kf2 Kb6 60. Rxc7 Kxc7 61. Nf5 c4 62. Ne3 Rb4 63. Nd5+ Kc6 64. Nxb4+ Kc5 65. Nc2 c3 66. Ke3 Kc4 67. Kxe4 1-0

[Event "Gatwick e2e4 Challengers-C"]
[Site "Crawley"]
[Date "2012.08.18"]
[Round "1"]
[White "Levesque, Thomas"]
[Black "Truman, Richard G"]
[Result "0-1"]
[WhiteElo "2030"]
[BlackElo "1959"]
[PlyCount "132"]
[EventDate "2012.08.18"]
[EventType "tourn"]
[EventRounds "9"]
[EventCountry "ENG"]
[SourceTitle "EXT 2014"]
[Source "ChessBase"]
[SourceDate "2013.11.20"]
[SourceVersion "1"]
[SourceVersionDate "2013.11.20"]
[SourceQuality "1"]

1. d4 Nf6 2. c4 g6 3. Nc3 d5 4. Nf3 Bg7 5. cxd5 Nxd5 6. e4 Nxc3 7. bxc3 0-0 8. h3 c5 9. Be2 Nc6 10. e5 cxd4 11. cxd4 Be6 12. 0-0 Bd5 13. Be3 Qa5 14. Nd2 Rfd8 15. Nb3 Qc7 16. Qc1 Rac8 17. Qd2 Bxb3 18. axb3 Bxe5 19. Rac1 Bxd4 20. Bc4 Bxe3 21. Qxe3 e6 22. Rfe1 Qe7 23. Qh6 Nd4 24. Re4 Nf5 25. Qf4 Nd6 26. Ree1 Nxc4 27. bxc4 Rc5 28. g4 Qg5 29. Qg3 Rdc8 30. f4 Qf6 31. Re4 b5 32. Rf1 Rxc4 33. Re5 Rc3 34. Qf2 a6 35. h4 Rc2 36. Qe1 Qe7 37. f5 Qa7+ 38. Qe3 Qxe3+ 39. Rxe3 exf5 40. gxf5 gxf5 41. Rxf5 Rc1+ 42. Kf2 R8c2+ 43. Re2 Rxe2+ 44. Kxe2 Rc6 45. h5 b4 46. Rd5 Kg7 47. Rd7 Rb6 48. Kd1 Kf6 49. Rd5 Rc6 50. Rd8 a5 51. Rb8 Kg5 52. Rb5+ Kf4 53. Rxa5 Rb6 54. Kc2 f5 55. Ra1 h6 56. Rg1 Ke5 57. Re1+ Kd5 58. Rd1+ Kc4 59. Rg1 b3+ 60. Kb2 Re6 61. Rg6 Re2+ 62. Kb1 f4 63. Rxh6 f3 64. Rh8 f2 65. Rc8+ Kd5 66. Rd8+ Kc6 0-1

[Event "FRA-ch op-A"]
[Site "Caen"]
[Date "2011.08.17"]
[Round "2"]
[White "Levesque, Thomas"]
[Black "Duboue, Peio"]
[Result "0-1"]
[WhiteElo "2058"]
[BlackElo "2156"]
[PlyCount "72"]
[EventDate "2011.08.16"]
[EventType "swiss"]
[EventRounds "11"]
[EventCountry "FRA"]
[SourceTitle "CBM 144 Extra"]
[Source "ChessBase"]
[SourceDate "2011.10.28"]
[SourceVersion "1"]
[SourceVersionDate "2011.10.28"]
[SourceQuality "1"]

1. d4 d5 2. c4 e6 3. Nc3 Be7 4. Nf3 Nf6 5. g3 0-0 6. Bg2 Nbd7 7. 0-0 a6 8. c5 b6 9. c6 Nb8 10. Ne5 Ne8 11. e4 dxe4 12. Bxe4 Nd6 13. Bg2 Nf5 14. Ne2 a5 15. g4 Nh4 16. Bh1 f6 17. Nf3 Ng6 18. Ne1 e5 19. h3 f5 20. gxf5 Bxf5 21. Bg2 Nh4 22. d5 Nxg2 23. Nxg2 Bc5 24. Kh2 Be4 25. Nc3 Bf3 26. Qd3 Nxc6 27. Be3 Nd4 28. Ne1 Qd6 29. Ne4 Qxd5 30. Nc3 Qd6 31. Ne4 Qd5 32. Nc3 Qf7 33. Rg1 Bh5 34. f4 Rad8 35. Qf1 Nf3+ 36. Nxf3 Bxe3 0-1

[Event "Brighton e2e4 Challengers-D"]
[Site "Brighton"]
[Date "2011.02.27"]
[Round "8"]
[White "Levesque, Thomas"]
[Black "Kane, Robert"]
[Result "0-1"]
[WhiteElo "2014"]
[BlackElo "1892"]
[PlyCount "98"]
[EventDate "2011.02.23"]
[EventType "tourn"]
[EventRounds "9"]
[EventCountry "ENG"]
[SourceTitle "CBM 141 Extra"]
[Source "ChessBase"]
[SourceDate "2011.05.03"]
[SourceVersion "1"]
[SourceVersionDate "2011.05.03"]
[SourceQuality "1"]

1. d4 Nf6 2. c4 e6 3. Nc3 c5 4. d5 exd5 5. cxd5 d6 6. e4 g6 7. f4 Bg7 8. Nf3 0-0 9. Bd3 a6 10. a4 Re8 11. 0-0 Nbd7 12. h3 c4 13. Bc2 Rb8 14. a5 b5 15. axb6 Qxb6+ 16. Kh2 h6 17. g4 Nc5 18. Qe2 Nb3 19. Be3 Qc7 20. Ra4 Nc5 21. Bxc5 dxc5 22. e5 Rxb2 23. Qd1 Nxg4+ 24. hxg4 Bxg4 25. Kg3 Bxf3 26. Rxf3 g5 27. Rxc4 gxf4+ 28. Kf2 Qd8 29. Rcxf4 Bxe5 30. Rg4+ Kf8 31. Qc1 Rb6 32. Ba4 Re7 33. Bc6 Qd6 34. Ne4 Bd4+ 35. Kg2 Rxe4 36. Rxe4 Qg6+ 37. Kh3 Qh5+ 38. Kg3 Be5+ 39. Rxe5 Qxe5+ 40. Qf4 Qe1+ 41. Kg2 Rb2+ 42. Kh3 Qh1+ 43. Kg4 Rb4 44. Qxb4 cxb4 45. d6 Qg2+ 46. Kf4 Qh2+ 47. Rg3 Qd2+ 48. Ke5 f6+ 49. Ke6 Qe1+ 0-1

[Event "Proville op 4th"]
[Site "Proville"]
[Date "2007.06.29"]
[Round "2"]
[White "Colin, Vincent"]
[Black "Levesque, Thomas"]
[Result "1/2-1/2"]
[WhiteElo "2437"]
[BlackElo "2092"]
[PlyCount "108"]
[EventDate "2007.06.29"]
[EventType "swiss"]
[EventRounds "7"]
[EventCountry "FRA"]
[SourceTitle "CBM 119 Extra"]
[Source "ChessBase"]
[SourceDate "2007.09.04"]
[SourceVersion "1"]
[SourceVersionDate "2007.09.04"]
[SourceQuality "1"]

1. c4 e5 2. g3 g6 3. Bg2 Bg7 4. Nc3 Ne7 5. Nf3 0-0 6. 0-0 Nbc6 7. d3 h6 8. Rb1 d6 9. Nd2 Kh7 10. b4 f5 11. b5 Nd4 12. a4 Rb8 13. f4 Ne6 14. Nd5 exf4 15. gxf4 Nxd5 16. cxd5 Bd4+ 17. Kh1 Ng7 18. Nf3 Bf6 19. Be3 g5 20. Bxa7 Ra8 21. Bg1 Nh5 22. fxg5 hxg5 23. e4 g4 24. exf5 gxf3 25. Bxf3 Ng7 26. Be4 Rh8 27. Rc1 Bd7 28. Qc2 Rc8 29. Rf3 Kg8 30. d4 Qe8 31. Rc3 Rh4 32. Bg2 Bxf5 33. Qf2 Qh5 34. Rxc7 Rxc7 35. Rxc7 Bxd4 36. Qf3 Qg6 37. Bxd4 Rxd4 38. h3 Be4 39. Qf2 Rd3 40. Rc8+ Ne8 41. Kh2 Kg7 42. Bxe4 Qxe4 43. Qg2+ Qxg2+ 44. Kxg2 Kf7 45. Rb8 Rxd5 46. Rxb7+ Ke6 47. a5 Rd2+ 48. Kf3 Ra2 49. a6 d5 50. h4 Nd6 51. h5 Nxb5 52. Rxb5 Rxa6 53. Kf4 Kf6 54. Rb4 Re6 1/2-1/2